| 000 | 01110nam a2200325 a 4500 | ||
|---|---|---|---|
| 001 | 63 | ||
| 003 | BD-RjUL | ||
| 005 | 20211208233114.0 | ||
| 008 | 150128s2011 enka b 001 0 eng c | ||
| 020 | _a9780199576203 (pbk.) | ||
| 020 | _a0199576203 (pbk.) | ||
| 035 | _a(OCoLC)ocn690088039 | ||
| 040 |
_aBTCTA _beng _cBTCTA _dYDXCP _dEUW _dITJCU _dBWX _dIUL _dCDX _dCUD _dOKS _dOCLCQ _dDLC _dBD-RjUL |
||
| 041 | _aeng | ||
| 082 |
_222 _a153.83 _bFIR 2011 |
||
| 100 | 1 |
_aFischhoff, Baruch, _d1946- _9115490 |
|
| 245 | 1 | 0 |
_aRisk : _ba very short introduction / _cBaruch Fischhoff and John Kadvany. |
| 260 |
_aOxford ; _aNew York : _bOxford University Press, _c2011. |
||
| 300 |
_axiv, 162 p. : _bill. ; _c18 cm. |
||
| 490 | 1 |
_aVery short introductions ; _v270 |
|
| 504 | _aIncludes bibliographical references (p. 151-158) and index. | ||
| 650 | 0 |
_aRisk-taking (Psychology) _9115491 |
|
| 650 | 0 |
_aRisk assessment. _9115492 |
|
| 830 | 0 |
_v270. _9115495 |
|
| 700 | 1 |
_aKadvany, John David. _9115494 |
|
| 830 | 0 |
_aVery short introductions ; _9115419 |
|
| 942 |
_2ddc _cBK |
||
| 999 |
_c63 _d63 |
||